000 00306nam a22001337a 4500
020 _a978-0-07-451712-3
041 _aENG
100 _aKaranth.K.R
245 _aGround Water Assesment Development And Management
260 _aChennal
_bMc Geaw Hill
_c2018
300 _a720
650 _aIDE
856 _uIDE
999 _c70
_d70